Come In With The Rain lyrics - Statistics

General Stats
  • This quiz has been taken 126 times
  • The average score is 186 of 225
Answer Stats
Lyrics % Correct
a
100%
I
100%
I,
100%
you
100%
come
98%
in
98%
the
98%
with
98%
rain
96%
my
95%
to
95%
your
95%
And
93%
and
93%
I'm
93%
know
93%
that
91%
you'll
89%
go
88%
Just
88%
'cause
86%
here
86%
hoping
86%
I'll
86%
but
84%
don't
84%
wanna
84%
who
84%
me
82%
so
82%
too
82%
wind,
82%
open
81%
what
81%
window
81%
leave
79%
right
79%
there
79%
for
77%
name
77%
tired
77%
back
75%
call
75%
could
75%
anymore
74%
why
74%
all
72%
where
72%
by
70%
every
70%
man
70%
let
68%
sky,
68%
sky
68%
Talk
68%
talk
68%
wait
68%
can
65%
even
65%
have
65%
reasons
65%
up
63%
far
61%
heart
61%
find
60%
I've
60%
put
60%
say
60%
start
60%
door,
56%
laugh,
56%
sing
54%
song,
53%
else
51%
stand
51%
clear
49%
steps
49%
got
47%
down,
46%
tonight
44%
long,
40%
screamed
39%
tears,
39%
yourself,
39%
watched
35%
No matching quizzes found
Score Distribution
Percent of People with Each Score
Percentile by Number Answered
Your Score History
You have not taken this quiz